INDIAN JOURNAL OF NATURAL PRODUCTS AND RESOURCES. (Record no. 8731)

MARC details
000 -LEADER
fixed length control field 00407nam a22001337a 4500
005 - DATE AND TIME OF LATEST TRANSACTION
control field 20250403161040.0
008 - FIXED-LENGTH DATA ELEMENTS--GENERAL INFORMATION
fixed length control field 250403b |||||||| |||| 00| 0 eng d
022 ## - INTERNATIONAL STANDARD SERIAL NUMBER
ISSN 0976-0504
245 ## - TITLE STATEMENT
Title INDIAN JOURNAL OF NATURAL PRODUCTS AND RESOURCES.
260 ## - PUBLICATION, DISTRIBUTION, ETC. (IMPRINT)
Place of publication NEW DELHI ,INDIA
Name of publisher CSIR-NATIONAL INSTITUTE OF SCIENCE COMMUNICATION AND POLICY RESEARCH.
Year of publication 2025
300 ## - PHYSICAL DESCRIPTION
Number of Pages 202;P
650 ## - SUBJECT ADDED ENTRY--TOPICAL TERM
Topical Term AGRICULTURE
942 ## - ADDED ENTRY ELEMENTS (KOHA)
Koha item type Journals/Serial

No items available.